000 00906cam a2200229 a 4500
003 CO-ViMGA
005 20230915233136.0
008 150506s2015 ck a gr 000 j spa
020 _a9789583802317
040 _aCO-ViMGA
_bspa
_cCO-ViMGA
090 _aN SOUD
100 1 0 _aSoule Egea, Gabriela
_924223
245 1 3 _aEl despertar del silencio
_buna novela de bullying
_cGabriela Soule Egea
250 _aEdicion especial para El Ministerio de Cultura, Biblioteca Nacional de Colombia
260 _aBogota
_bInstituto de Seguridad y Servicios Sociales de los Trabajadores del Estado
_c2014
300 _a261 pg̀inas
_bilustraciones
_c21 cm
650 1 4 _aAcoso escolar en la literatura
_2LEMB
_942405
650 1 4 _aLiteratura mexicana
_ySiglo XXI
_2LEMB
_923456
650 1 4 _aNiños y violencia en la literatura
_2LEMB
_942406
650 1 4 _aNovela mexicana
_ySiglo XXI
_2LEMB
_923455
942 _2ddc
_cBK
999 _c4088
_d4088